Normal view
MARC view
- Nickels, William G.
Entry Personal Name
001 - CONTROL NUMBER
- control field: 3195
003 - CONTROL NUMBER IDENTIFIER
- control field: OSt
005 - DATE AND TIME OF LATEST TRANSACTION
- control field: 20200618124349.0
008 - FIXED-LENGTH DATA ELEMENTS
- fixed length control field: 200618|| aca||aabn | a|a d
040 ## - CATALOGING SOURCE
- Original cataloging agency: OSt
- Transcribing agency: OSt
100 ## - HEADING--PERSONAL NAME
- Personal name: Nickels, William G.
670 ## - SOURCE DATA FOUND
- Source citation: Work cat.: (OSt): Nickels, William G., Understanding Business, c2002
